[Event "ICS rated blitz match"]
[Site "207.99.83.227"]
[Date "1999.03.22"]
[Round "?"]
[White "Hossa"]
[Black "Jan"]
[Result "0-1"]
[WhiteElo "2324"]
[BlackElo "2165"]
[Annotator "Crafty v16.6"]
[PlyCount "117"]

{annotating for player Hossa using a scoring margin of +0.10 pawns. search
time limit is 12.00} 1. e4 1... c5 2. Bc4 e6 3. Nc3 a6 4. a4 ({9:+0.06} 4. a4
4... Nf6 5. e5 d5 6. exd6 Bxd6 7. Nf3 Nc6 8. O-O 8... O-O $10) ({9:+0.32} 4.
Nf3 4... Nc6 5. d4 b5 6. Be2 b4 7. Na4 cxd4 8. Nxd4 8... Nge7 $14) 4... Nf6 5.
e5 d5 6. exd6 ({9:-0.07} 6. exd6 6... Bxd6 7. Nf3 Nbd7 8. O-O Nb6 9. Bd3 c4 10.
Be4 10... O-O $10) ({9:+0.23} 6. exf6 6... dxc4 7. fxg7 Bxg7 8. Nf3 Bxc3 9.
bxc3 Qd5 10. O-O Nc6 11. d3 Bd7 12. dxc4 12... Qxc4 $10) 6... Nc6 7. Nge2 ({
9:-0.33} 7. Nge2 7... Bxd6 8. O-O O-O 9. Re1 Ng4 10. h3 Nce5 11. Bb3 $15) ({
9:+0.03} 7. Nf3 7... Bxd6 8. O-O O-O 9. Re1 Na5 10. Bf1 Ng4 11. Be2 $10) 7...
Bxd6 8. d3 b6 9. O-O Bb7 10. Bf4 Bxf4 11. Nxf4 O-O 12. Qf3 Na5 13. Qe3 Re8 14.
Ba2 Nc6 15. Rae1 Nd4 16. Bb1 e5 17. Nfe2 Qd7 18. Qg5 h6 19. Qh4 Rad8 20. Ng3
Qc6 21. Nge4 Nxe4 22. Qxe4 Qxe4 23. Nxe4 Kf8 24. Nd2 f6 25. Nc4 b5 26. Na5 Ba8
27. axb5 axb5 28. c3 Ne6 29. Nb3 Bd5 30. Nd2 Re7 31. Re3 Ra7 32. Rfe1 Nf4 33.
Ne4 Bxe4 34. Rxe4 Nxd3 35. Rd1 Rdd7 36. b3 Nf4 37. Rc1 Rd2 38. Kf1 Ra1 39. Ree1
Rb2 40. c4 b4 41. Rcd1 Rxb3 42. g3 Ne6 43. Rc1 Rb2 44. Kg2 Nd4 45. Rh1 f5 46.
Bd3 Rxc1 47. Rxc1 e4 48. Rb1 Rd2 49. Bf1 e3 50. Ra1 Rxf2+ 51. Kh1 Rd2 52. Bg2
e2 53. Rg1 Rd1 54. g4 Rxg1+ 55. Kxg1 e1=Q+ 56. Bf1 b3 57. gxf5 b2 58. Kg2 b1=Q
59. h4 0-1

[Event "ICS rated blitz match"]
[Site "207.99.83.227"]
[Date "1999.03.22"]
[Round "?"]
[White "Jan"]
[Black "Hossa"]
[Result "1-0"]
[WhiteElo "2188"]
[BlackElo "2301"]
[Annotator "Crafty v16.6"]
[PlyCount "63"]

{annotating for player Hossa using a scoring margin of +0.10 pawns. search
time limit is 12.00} 1. e4 1... d6 2. d4 e6 3. Nc3 Nf6 4. f4 Be7 5. Nf3 O-O 6.
Bd3 Nc6 7. a3 b6 ({8:+0.14} 7... b6 8. Bd2 Ng4 9. Qe2 Bh4+ 10. g3 Bf6 11. O-O-O
11... Bb7 $10) ({8:+0.27} 7... Ng4 8. Ng5 e5 9. d5 Nd4 10. h3 Nf6 11. Be3 $10)
8. O-O Bb7 9. h3 Rc8 10. Be3 Kh8 ({8:-0.04} 10... Kh8 11. Ng5 a6 12. Re1 e5 13.
d5 Nd4 14. Bc4 $10) ({8:+0.10} 10... a6 11. Qe2 Nh5 12. Qf2 Re8 13. Ng5 Qd7 14.
Bc4 $10) 11. Qd2 Qe8 12. Rae1 Kg8 13. e5 Nd7 14. Qf2 Qd8 15. Qg3 Re8 16. f5
exf5 17. Bxf5 dxe5 18. dxe5 Ba6 19. Ng5 Bxf1 20. Bxh7+ Kf8 21. Nxf7 Kxf7 22.
Qg6+ Kf8 23. Rxf1+ Bf6 24. Bh6 Ke7 25. Bxg7 Ke6 26. Bxf6 Ncxe5 27. Bxe5+ Nf6
28. Rxf6+ Qxf6 29. Qxf6+ Kd7 30. Bf5+ Re6 31. Qxe6+ Kd8 32. Qd7# 1-0

[Event "ICS rated blitz match"]
[Site "207.99.83.227"]
[Date "1999.03.22"]
[Round "?"]
[White "Hossa"]
[Black "burlov"]
[Result "1/2-1/2"]
[WhiteElo "2280"]
[BlackElo "2045"]
[PlyCount "110"]

1. e4 e6 2. d4 d5 3. Nc3 Nf6 4. e5 Ne4 5. Nxe4 dxe4 6. Bc4 c5 7. d5 exd5 8.
Qxd5 Qxd5 9. Bxd5 Nc6 10. Bxc6+ bxc6 11. Ne2 Bf5 12. O-O O-O-O 13. Re1 Bg6 14.
Ng3 f5 15. c4 Be7 16. Bf4 Bh4 17. Be3 Be7 18. Red1 Rxd1+ 19. Rxd1 Rd8 20. Rxd8+
Kxd8 21. Bf4 Kd7 22. h3 Ke6 23. Bd2 Bf7 24. Bc3 Bd8 25. Ne2 g5 26. b3 Bc7 27.
h4 h6 28. hxg5 hxg5 29. Bd2 f4 30. g3 Bh5 31. Nxf4+ gxf4 32. gxf4 Kf5 33. Kh2
Be2 34. Kg3 Bd3 35. f3 exf3 36. Kxf3 Bb1 37. a3 Ba2 38. Ke3 Bxb3 39. Kd3 Ba2
40. Be3 Bb1+ 41. Kc3 Be4 42. Kb3 Bf3 43. Bc1 Bd1+ 44. Kb2 Bd8 45. Kc3 Bh4 46.
Be3 Bg3 47. Bxc5 a6 48. Be3 Bxf4 49. Bxf4 Kxf4 50. Kd4 Bg4 51. Kc5 Kxe5 52.
Kxc6 Kd4 53. Kb6 Kxc4 54. Kxa6 Bd1 55. a4 55... Bxa4 {
Game drawn because neither player has mating material} 1/2-1/2

[Event "ICS rated blitz match"]
[Site "207.99.83.227"]
[Date "1999.03.22"]
[Round "?"]
[White "burlov"]
[Black "Hossa"]
[Result "0-1"]
[WhiteElo "2048"]
[BlackElo "2271"]
[PlyCount "30"]

1. e4 c5 2. Nf3 Nc6 3. d4 cxd4 4. Nxd4 Qb6 5. Nb3 Nf6 6. Be3 Qb4+ 7. c3 Qxe4 8.
N1d2 Qg4 9. h3 Qxd1+ 10. Rxd1 Nd5 11. Bc5 d6 12. Ne4 Bf5 13. Bxd6 Bxe4 14. f3
Ne3 15. fxe4 15... Nxd1 {burlov resigns} 0-1

[Event "ICS rated blitz match"]
[Site "207.99.83.227"]
[Date "1999.03.22"]
[Round "?"]
[White "Hossa"]
[Black "burlov"]
[Result "1-0"]
[WhiteElo "2291"]
[BlackElo "2028"]
[PlyCount "31"]

1. e4 e6 2. d4 d5 3. Nc3 Bb4 4. exd5 exd5 5. Bd3 Nc6 6. Nge2 Nf6 7. O-O Bg4 8.
f3 Bh5 9. Bg5 O-O 10. Bxf6 Qxf6 11. Nxd5 Qh6 12. Nxc7 Bd6 13. Nxa8 Bxf3 14.
Rxf3 Qxh2+ 15. Kf1 Re8 16. Rh3 {burlov resigns} 1-0

[Event "ICS rated blitz match"]
[Site "207.99.83.227"]
[Date "1999.03.22"]
[Round "?"]
[White "burlov"]
[Black "Hossa"]
[Result "0-1"]
[WhiteElo "2022"]
[BlackElo "2297"]
[PlyCount "62"]

1. e4 c5 2. Nf3 Nc6 3. d4 cxd4 4. Nxd4 Qb6 5. Nb3 Nf6 6. Nc3 d6 7. Be3 Qc7 8.
Be2 e6 9. O-O Be7 10. f4 O-O 11. Kh1 Bd7 12. Qe1 Nb4 13. Rc1 d5 14. e5 Ne4 15.
Nxe4 dxe4 16. Qg3 Nxa2 17. Ra1 Qxc2 18. Rxa2 Qxb3 19. Ra3 Qxb2 20. Raa1 Qxe2
21. Rae1 Qh5 22. Qf2 Bb5 23. Rg1 b6 24. h3 Bh4 25. g3 Be7 26. Kh2 Qf3 27. Qb2
Bd3 28. Rg2 Rad8 29. Rf2 Qh5 30. g4 Qh4 31. Rg2 31... Qxe1 {burlov resigns} 0-1

[Event "ICS rated blitz match"]
[Site "207.99.83.227"]
[Date "1999.03.22"]
[Round "?"]
[White "Hossa"]
[Black "burlov"]
[Result "1-0"]
[WhiteElo "2302"]
[BlackElo "2017"]
[PlyCount "27"]

1. e4 e6 2. d4 d5 3. Nc3 Bb4 4. exd5 Bxc3+ 5. bxc3 exd5 6. Nf3 Nf6 7. Ba3 Be6
8. Be2 Qd7 9. Qb1 Nc6 10. Qxb7 Rb8 11. Qa6 Rb6 12. Qd3 Na5 13. Bc5 Rc6 14. Ne5
{burlov resigns} 1-0

[Event "ICS rated bullet match"]
[Site "207.99.83.227"]
[Date "1999.03.22"]
[Round "?"]
[White "Hossa"]
[Black "MKarppinen"]
[Result "1-0"]
[WhiteElo "2452"]
[BlackElo "2418"]
[PlyCount "47"]

1. e4 Nf6 2. e5 Nd5 3. Nc3 Nxc3 4. dxc3 d6 5. Bf4 Nc6 6. Bb5 Bd7 7. exd6 cxd6
8. Nf3 g6 9. Qe2 Bg7 10. Bxd6 O-O 11. Bf4 e5 12. Bg5 f6 13. Be3 a6 14. Bc4+ Kh8
15. O-O Qe7 16. Bb6 Bg4 17. Rae1 f5 18. Qe3 e4 19. Bc5 Qf6 20. Bxf8 Rxf8 21.
Nd2 h5 22. h3 Kh7 23. hxg4 h4 24. gxf5 {MKarppinen resigns} 1-0

[Event "ICS rated blitz match"]
[Site "207.99.83.227"]
[Date "1999.03.22"]
[Round "?"]
[White "TioHoracio"]
[Black "Hossa"]
[Result "1-0"]
[WhiteElo "2090"]
[BlackElo "2314"]
[Annotator "Crafty v16.6"]
[PlyCount "77"]

{annotating for player Hossa using a scoring margin of +0.10 pawns. search
time limit is 12.00} 1. e4 1... d6 2. d4 e6 3. Nc3 Nf6 4. Bg5 Be7 5. Qd2 O-O 6.
O-O-O Nc6 7. h4 d5 ({7:-0.44} 7... d5 8. e5 Ne8 9. Nf3 Nb4 10. Bb5 10... Bd7
$14) ({7:-0.23} 7... Nb4 8. Nf3 d5 9. e5 Ne4 10. Bxe7 Qxe7 11. Nxe4 11... dxe4
$10) 8. e5 Ne4 ({9:-0.65} 8... Ne4 9. Nxe4 dxe4 10. Bc4 Qd7 11. Qe1 Bxg5+ 12.
hxg5 Qe7 13. Qxe4 Qxg5+ 14. Kb1 14... Qf5 $14) ({9:-0.41} 8... Nd7 9. Nf3 Nb4
10. Qf4 Nb6 11. Bxe7 Qxe7 12. Qg5 Qxg5+ 13. hxg5 Bd7 14. Bd3 $14) 9. Nxe4 dxe4
10. f3 exf3 11. Nxf3 Bb4 ({9:-0.34} 11... Bb4 12. c3 Be7 13. Bb5 Bd7 14. Qf4
Na5 15. Bxd7 Bxg5 16. hxg5 16... Qxd7 $14) ({9:-0.10} 11... Qd5 12. a3 Re8 13.
Kb1 Bd7 14. Qf4 Rad8 15. Bd3 15... Na5 $10) 12. c3 Be7 13. Bd3 Qd5 14. Kb1 Qa5
({8:-1.11} 14... Qa5 15. Qf4 Qd5 16. c4 Qd7 17. Qe4 g6 18. Bh6 $16) ({8:-0.77} 
14... Re8 15. Qe2 Rd8 16. Bxe7 Nxe7 17. Ng5 h6 18. Be4 18... Qd7 $16) 15. Bc2
Qb5 16. Qe3 f6 17. exf6 Bxf6 18. Bxf6 Rxf6 19. Ng5 h6 20. Ne4 Rf5 21. Nc5 Rf6
22. g4 Na5 23. Bd3 Qc6 24. g5 Rf3 25. Qe2 Rf8 26. gxh6 Rf7 27. hxg7 Rxg7 28.
Rhg1 Qd5 29. Rxg7+ Kxg7 30. Rg1+ Kf8 31. Rg5 Qh1+ 32. Kc2 b6 33. Nxe6+ Bxe6 34.
Qxe6 Qh2+ 35. Be2 Qxe2+ 36. Qxe2 Rb8 37. Rf5+ Kg8 38. Qg4+ Kh7 39. Rh5# 1-0

[Event "ICS rated bullet match"]
[Site "207.99.83.227"]
[Date "1999.03.22"]
[Round "?"]
[White "sienna"]
[Black "Hossa"]
[Result "1-0"]
[WhiteElo "2814"]
[BlackElo "2464"]
[Annotator "Crafty v16.6"]
[PlyCount "53"]

{annotating for player Hossa using a scoring margin of +0.10 pawns. search
time limit is 12.00} 1. e4 1... c5 2. Nf3 Nc6 3. d4 cxd4 4. Nxd4 Qb6 5. Nb3 Nf6
6. Nc3 d6 ({8:-0.84} 6... d6 7. Be2 Be6 8. O-O Bxb3 9. axb3 Qd4 10. Qxd4 Nxd4
11. Bd3 $16) ({8:-0.24} 6... e6 7. a3 Be7 8. Bd3 Qd8 9. Bf4 O-O 10. O-O $10) 7.
Be2 e6 8. O-O Bd7 ({9:-0.97} 8... Bd7 9. Bf4 e5 10. Bg5 Be6 11. Qd3 Nb4 12. Na4
Nxd3 13. Nxb6 $16) ({9:-0.62} 8... Be7 9. Bf4 Qd8 10. Qd2 O-O 11. Rad1 e5 12.
Bg5 12... Nb4 $14) 9. Bf4 Ne5 10. Qd2 Bc6 ({9:-1.23} 10... Bc6 11. Bxe5 dxe5
12. Qg5 Qb4 13. Qxe5 Bd6 14. Qg5 O-O 15. e5 $16) ({9:-0.76} 10... Be7 11. Rad1
O-O 12. Bg5 Rad8 13. Bxf6 Bxf6 14. Qxd6 Qxd6 15. Rxd6 15... Bh4 $16) 11. Rad1
Nxe4 ({8:-3.25} 11... Nxe4 12. Nxe4 Bxe4 13. Bxe5 Qc6 14. Na5 Qa4 15. b3 15...
Qxa2 $18) ({8:-0.99} 11... Be7 12. Bxe5 dxe5 13. Qg5 Nxe4 14. Qxg7 Bf6 15. Qh6
Nxc3 16. bxc3 $16) 12. Nxe4 Bxe4 13. Bxe5 Bxc2 ({8:-4.00} 13... Bxc2 14. Qxc2
dxe5 15. Qe4 Bd6 16. Qa4+ Kf8 17. Qd7 17... Rd8 $18) ({8:-3.63} 13... Qc6 14.
Na5 Qc5 15. Bc3 Qf5 16. Bd3 Bxd3 17. cxd3 17... Qd5 $18) 14. Qxc2 dxe5 15. Bf3
Rb8 ({9:-3.81} 15... Rb8 16. Rfe1 Bb4 17. Rxe5 O-O 18. Rh5 g6 19. Rh6 19...
Rbd8 $18) ({9:-3.65} 15... Be7 16. Qe4 O-O 17. Rd7 Bf6 18. Rxb7 Qa6 19. Ra1
19... Qd6 $18) 16. Qc4 Bb4 17. Qe4 f6 18. Bh5+ Ke7 19. Rc1 Kf8 20. Rfd1 Kg8 21.
Rd7 a5 22. Rcc7 g6 23. Rxh7 Rxh7 24. Qxg6+ Kf8 25. Rf7+ Ke8 26. Qg8+ Bf8 27.
Qxf8# 1-0

[Event "ICS rated bullet match"]
[Site "207.99.83.227"]
[Date "1999.03.22"]
[Round "?"]
[White "Hossa"]
[Black "sienna"]
[Result "0-1"]
[WhiteElo "2460"]
[BlackElo "2819"]
[Annotator "Crafty v16.6"]
[PlyCount "106"]

{annotating for player Hossa using a scoring margin of +0.10 pawns. search
time limit is 12.00} 1. e4 1... c5 2. Bc4 e6 3. Nc3 Nc6 4. Nf3 a6 5. d4 cxd4 6.
Nxd4 Qc7 7. Nxc6 Qxc6 8. Qd3 ({9:+0.21} 8. Qd3 8... f5 9. f3 fxe4 10. fxe4 b5
11. Bb3 Bb4 12. Bd2 12... Nf6 $10) ({9:+0.46} 8. Qe2 8... Bb4 9. Bd2 Nf6 10. a3
Bd6 11. O-O O-O 12. Bg5 $14) 8... b5 9. Bb3 b4 10. Ba4 Qb7 11. Ne2 Nf6 12. e5
Ne4 13. Be3 Nc5 14. Bxc5 Bxc5 15. O-O Qc7 16. Rad1 O-O 17. Qg3 Rd8 18. Qg5 d5
19. Ng3 Be7 20. Qh5 a5 21. f4 Qc4 22. Qg4 Ba6 23. Nh5 g6 24. Nf6+ Bxf6 25. exf6
Qxa2 26. Qh4 Qxb2 27. Rf2 Qc3 28. Rf3 Qc5+ 29. Kh1 Be2 30. Rh3 h5 31. Re1 Bg4
32. Rhe3 Bf5 33. R3e2 Qd4 34. Qg5 Qb2 35. c4 Qd4 36. cxd5 exd5 37. Re7 Be4 38.
Rd1 Qb2 39. Kg1 Bc2 40. Re2 b3 41. Bc6 Qc3 42. Bxd5 Rab8 43. Bxf7+ Kxf7 44.
Re7+ Kg8 45. Rg7+ Kf8 46. Rxd8+ Rxd8 47. Re7 Qd4+ 48. Kf1 Bd3+ 49. Re2 Bxe2+
50. Kxe2 Qe4+ 51. Kf1 Rd1+ 52. Kf2 Qe1+ 53. Kf3 Rd3# 0-1

[Event "ICS rated blitz match"]
[Site "207.99.83.227"]
[Date "1999.03.22"]
[Round "?"]
[White "Hossa"]
[Black "Grok"]
[Result "1-0"]
[WhiteElo "2289"]
[BlackElo "2378"]
[PlyCount "111"]

1. e4 e6 2. d4 d5 3. Nc3 Bb4 4. exd5 exd5 5. Bd3 Nc6 6. Nge2 Nge7 7. O-O Bf5 8.
Bxf5 Nxf5 9. Qd3 Qd7 10. Qb5 O-O-O 11. a3 Bd6 12. Rd1 Kb8 13. Kh1 Be7 14. Be3
Nxe3 15. fxe3 g5 16. Rf1 f6 17. Ng3 Rhe8 18. Rae1 Qe6 19. Nf5 Qf7 20. e4 dxe4
21. Nxe4 Bf8 22. c3 h5 23. Nfg3 Qg6 24. d5 Re5 25. Nxf6 Be7 26. Rxe5 Nxe5 27.
Nfxh5 a6 28. Qe2 Bd6 29. Qe4 Qh6 30. Rf6 Qh8 31. Rf5 Re8 32. Qd4 Rg8 33. Nf6
Rc8 34. Nge4 Qxh2+ 35. Kxh2 Nf3+ 36. Kh3 Rh8+ 37. Kg4 Nxd4 38. cxd4 Bf4 39.
Nxg5 Bc1 40. Rf1 Bxb2 41. a4 Bxd4 42. Ne6 Bb2 43. Nd7+ Kc8 44. Rf7 a5 45. Kf4
Rh4+ 46. g4 Rh2 47. Re7 Rf2+ 48. Ke3 Rc2 49. Ndc5 Bc1+ 50. Kf3 Rc3+ 51. Ke4 Kb8
52. d6 Re3+ 53. Kd5 c6+ 54. Kc4 Rxe6 55. Nxe6 Be3 56. g5 {Grok resigns} 1-0

[Event "ICS rated blitz match"]
[Site "207.99.83.227"]
[Date "1999.03.22"]
[Round "?"]
[White "wbster"]
[Black "Hossa"]
[Result "0-1"]
[WhiteElo "2022"]
[BlackElo "2309"]
[PlyCount "63"]

1. e4 e5 2. Nf3 Nc6 3. c3 Nf6 4. Bd3 d5 5. Qc2 dxe4 6. Bxe4 Bd7 7. O-O Nxe4 8.
Qxe4 Qe7 9. Re1 O-O-O 10. d4 exd4 11. Nxd4 Qxe4 12. Rxe4 Bc5 13. Nxc6 Bxc6 14.
Re1 Rhe8 15. Be3 Rd3 16. Na3 Bxe3 17. fxe3 Rd2 18. Nc4 Rxg2+ 19. Kf1 Rxh2 20.
Na5 Bd7 21. b4 Rxe3 22. Rxe3 Rh1+ 23. Kf2 Rxa1 24. Re7 Be6 25. Re8+ Kd7 26. Rg8
Rxa2+ 27. Ke3 b6 28. Nb7 g6 29. Rg7 Kc8 30. Rxh7 Kxb7 31. Rh4 a5 32. bxa5 {
wbster resigns} 0-1

[Event "ICS rated blitz match"]
[Site "207.99.83.227"]
[Date "1999.03.22"]
[Round "?"]
[White "Hossa"]
[Black "gallows"]
[Result "0-1"]
[WhiteElo "2335"]
[BlackElo "2388"]
[Annotator "Crafty v16.6"]
[PlyCount "66"]

{annotating for player Hossa using a scoring margin of +0.10 pawns. search
time limit is 12.00} 1. e4 1... c5 2. Bc4 Nc6 3. f4 ({8:-0.20} 3. f4 3... Na5
4. Be2 e6 5. Nf3 Bd6 6. Ne5 6... Nf6 $10) ({8:+0.03} 3. Nf3 3... e5 4. Nc3 d6
5. Nb5 Bg4 6. h3 6... Na5 $10) 3... e5 4. d3 exf4 5. Bxf4 Qf6 6. Qc1 Qg6 7. Qd2
Bd6 8. Bxd6 Qxd6 9. Nc3 Nd4 10. Nge2 ({9:+0.36} 10. Nge2 10... Nf6 11. O-O-O
O-O 12. Qg5 Re8 13. Nxd4 Qxd4 14. Bd5 14... Re5 $14) ({9:+0.56} 10. O-O-O 10...
Ne7 11. Qg5 Qg6 12. Qxc5 Qxg2 13. Qxd4 Qxh1 14. Qxg7 $14) 10... Nf6 11. Nd5
Nxd5 12. Bxd5 Nxe2 13. Qxe2 Qf6 14. Rf1 ({9:-0.42} 14. Rf1 14... Qxb2 15. Bxf7+
Kd8 16. Kd2 Qb4+ 17. Kd1 Qc3 18. Rb1 Rf8 19. Rf5 $15) ({9:+0.79} 14. O-O-O
14... O-O 15. Rhf1 Qg5+ 16. Kb1 d6 17. Qf3 Qe7 18. Qh5 18... Be6 $16) 14...
Qxb2 15. Bxf7+ Kd8 16. Qd1 Qe5 17. g3 Qc3+ 18. Kf2 d6 19. Kg2 Rf8 20. Rb1 Rb8
21. Rb3 Qe5 22. Ra3 Ke7 23. Bd5 Rxf1 24. Qxf1 Qh5 25. Kg1 Bh3 26. Qa1 Qg5 27.
d4 Qd2 28. e5 Rf8 29. exd6+ Kd8 30. Kh1 Qf2 31. Bf3 Rxf3 32. Qg1 Qxg1+ 33. Kxg1
Rf1# 0-1

[Event "ICS Rated blitz match"]
[Site "164.58.253.13"]
[Date "1999.03.22"]
[Round "?"]
[White "POWERHOUSE"]
[Black "Hossa"]
[Result "1-0"]
[WhiteElo "2117"]
[BlackElo "2049"]
[Annotator "Crafty v16.6"]
[PlyCount "103"]

{annotating for player Hossa using a scoring margin of +0.10 pawns. search
time limit is 12.00} 1. d4 1... Nf6 2. c4 g6 3. Nc3 Bg7 4. e4 d6 5. Nf3 Bg4 6.
Be2 O-O 7. h3 Bxf3 8. Bxf3 Nc6 9. Be3 Nd7 10. Ne2 e5 ({9:-0.66} 10... e5 11. d5
Ne7 12. O-O Nc8 13. Qd3 Nc5 14. Bxc5 dxc5 15. Bg4 $14) ({9:-0.27} 10... Na5 11.
b3 c5 12. O-O cxd4 13. Nxd4 Ne5 14. Be2 Rc8 15. Bg5 $10) 11. d5 Ne7 12. O-O Nc8
({8:-0.81} 12... Nc8 13. Qd2 c6 14. Rac1 a5 15. Bg5 Qe8 16. Be3 $16) ({8:-0.62
} 12... Rc8 13. Qd3 c6 14. Rac1 b6 15. b4 cxd5 16. cxd5 Rc7 17. Rxc7 17... Qxc7
$14) 13. Re1 Nc5 ({9:-0.81} 13... Nc5 14. b4 Nd7 15. Qd2 Ncb6 16. Rac1 Nf6 17.
Bg5 17... Qd7 $16) ({9:-0.59} 13... Ncb6 14. b3 Qh4 15. Nc3 Nf6 16. Nb5 Rfc8
17. Qd3 17... Nh5 $14) 14. b4 Nd7 15. Nc3 Ncb6 ({10:-0.71} 15... Ncb6 16. Qd3
Qe7 17. a3 a6 18. Bg4 a5 19. Nb5 axb4 20. axb4 20... Nf6 $16) ({10:-0.55} 15...
a5 16. b5 Ncb6 17. Qe2 Nc5 18. g3 Rc8 19. Bg2 c6 20. Bxc5 dxc5 21. dxc6 21...
bxc6 $14) 16. Qe2 a5 17. bxa5 Rxa5 18. Bg4 Nc5 19. Rab1 Qh4 20. g3 Qe7 21. Rb5
Rxb5 22. cxb5 Ra8 23. Rc1 Qf8 24. Kh1 Nbd7 25. Bxd7 Nxd7 26. f3 Qd8 27. Qc4 Kh8
28. a4 Qf6 29. Kg2 Rc8 30. a5 Qd8 31. a6 Nb6 32. Qb3 Ra8 33. Bxb6 cxb6 34. Qa4
bxa6 35. bxa6 Qc8 36. Na2 Qb8 37. Qd7 Qf8 38. Nb4 Bh6 39. Rc7 Be3 40. a7 Kg8
41. Nc6 Bg5 42. Rb7 Rxa7 43. Rxa7 Kg7 44. Rb7 Kh6 45. Rb8 Qg7 46. Qxd6 Be3 47.
Ne7 Kh5 48. Rg8 Bc5 49. Rxg7 Kh6 50. Nf5+ Kg5 51. h4+ Kh5 52. Rxh7# 1-0

[Event "ICS Rated blitz match"]
[Site "164.58.253.13"]
[Date "1999.03.22"]
[Round "?"]
[White "secone"]
[Black "Hossa"]
[Result "0-1"]
[WhiteElo "1651"]
[BlackElo "2040"]
[PlyCount "102"]

1. e4 d6 2. d4 e6 3. Nc3 Nf6 4. Bg5 Be7 5. Nf3 O-O 6. Be2 b6 7. O-O Ba6 8. Bxa6
Nxa6 9. Qe2 Nb4 10. a3 Nc6 11. Qc4 Qd7 12. Qb5 Rad8 13. b4 d5 14. Bxf6 Bxf6 15.
e5 Be7 16. g3 a5 17. bxa5 bxa5 18. Rfb1 Rb8 19. Qa4 Rxb1+ 20. Rxb1 f6 21. exf6
Bxf6 22. Rb7 Qe8 23. Nb5 Qa8 24. Rxc7 Bd8 25. Nd2 Rf6 26. Rd7 Qc8 27. Rd6 Be7
28. Rxc6 Qxc6 29. f4 Bxa3 30. Qxa5 Bc1 31. Na3 Bxa3 32. Qxa3 Qxc2 33. Qe3 Qc1+
34. Kg2 Kf7 35. h4 h5 36. Qe2 Qb2 37. Qxh5+ Ke7 38. Qe2 Qxd4 39. Nf3 Qc4 40.
Qxc4 dxc4 41. Kf2 c3 42. Ke3 Rg6 43. Ng5 e5 44. fxe5 Rc6 45. Ne6 Kxe6 46. g4 c2
47. h5 c1=Q+ 48. Ke2 Rc2+ 49. Kf3 Rc3+ 50. Kg2 Qd2+ 51. Kg1 51... Rc1# {
secone checkmated} 0-1

[Event "ICS rated blitz match"]
[Site "164.58.253.13"]
[Date "1999.03.22"]
[Round "?"]
[White "Hossa"]
[Black "blik"]
[Result "1-0"]
[WhiteElo "2042"]
[BlackElo "2292"]
[PlyCount "135"]

1. e4 c5 2. Bc4 e6 3. Nc3 Nc6 4. Nf3 a6 5. d4 cxd4 6. Nxd4 Nge7 7. O-O b5 8.
Nxc6 Nxc6 9. Bb3 Bb4 10. a4 Bxc3 11. axb5 Na7 12. bxc3 Nxb5 13. c4 Qf6 14. Bb2
Nc3 15. Rb1 Nxd1 16. Bxf6 Nxf2 17. Bxg7 Rg8 18. Rxf2 Rxg7 19. Rd1 Rg4 20. e5 a5
21. Rdf1 Bb7 22. g3 Rg7 23. Ba4 Be4 24. Bb5 a4 25. Rd2 Bc6 26. Rd6 Bxb5 27.
cxb5 Rg5 28. Re1 Rb8 29. c4 Rg4 30. Rc1 Re4 31. Ra6 Rxe5 32. Rxa4 d5 33. c5
Rxb5 34. Ra8+ Ke7 35. c6 d4 36. c7 Rec5 37. c8=Q Rxc8 38. Raxc8 Rf5 39. R1c4 e5
40. R4c6 h5 41. Kg2 d3 42. R8c7+ Ke8 43. Rc5 h4 44. gxh4 d2 45. Rd5 Rf4 46.
Rc8+ Ke7 47. Rxe5+ Kd6 48. Rh5 Kd7 49. Rhh8 Ke7 50. Rce8+ Kf6 51. Rd8 Kg7 52.
Rh5 Kg6 53. Rg5+ Kh7 54. Kg3 Rf1 55. Rxd2 f6 56. Rg4 Rg1+ 57. Rg2 Rxg2+ 58.
Kxg2 Kh8 59. Kf3 Kh7 60. h5 Kh6 61. Ke4 Kh7 62. h6 Kh8 63. h7 Kxh7 64. Kf5 Kh8
65. Kxf6 Kh7 66. h3 Kh8 67. Kf7 Kh7 68. Rh4# {blik checkmated} 1-0

[Event "ICS rated blitz match"]
[Site "164.58.253.13"]
[Date "1999.03.22"]
[Round "?"]
[White "blik"]
[Black "Hossa"]
[Result "1-0"]
[WhiteElo "2279"]
[BlackElo "2059"]
[Annotator "Crafty v16.6"]
[PlyCount "96"]

{annotating for player Hossa using a scoring margin of +0.10 pawns. search
time limit is 12.00} 1. e4 1... e5 2. Nf3 Nc6 3. Bb5 a6 4. Ba4 Nf6 5. Qe2 b5 6.
Bb3 Bc5 7. a4 bxa4 ({8:-0.76} 7... bxa4 8. Bxf7+ Kxf7 9. Qc4+ Ke8 10. Qxc5 Nxe4
11. Qe3 d5 12. Rxa4 $16) ({8:-0.17} 7... Bb7 8. axb5 axb5 9. Rxa8 Bxa8 10. O-O
O-O 11. Nc3 Nd4 12. Nxd4 Bxd4 13. Nxb5 Bxe4 14. Nxd4 14... exd4 $10) 8. Rxa4
O-O 9. Nc3 Nd4 10. Nxd4 exd4 11. Nd1 Qe7 ({9:+0.30} 11... Qe7 12. d3 Qe5 13.
Bd2 Re8 14. c4 dxc3 15. Bxc3 Qf4 16. O-O $10) ({9:+0.90} 11... d5 12. e5 Re8
13. O-O Ng4 14. e6 Bxe6 15. Rxa6 Rxa6 16. Qxa6 $17) 12. d3 d5 13. exd5 Qxe2+
14. Kxe2 Bb7 15. Kf1 Rae8 16. Bd2 Nd7 17. Bc4 Nb6 18. Ra5 Nxc4 19. dxc4 Bd6 20.
c5 Be7 21. c6 Bc8 22. f3 Rd8 23. Nf2 Rfe8 24. Ne4 f5 25. Ng5 Bf6 26. Bf4 Be5
27. Bc1 d3 28. cxd3 Rd6 29. Nh3 Rf6 30. Bf4 Bxb2 31. Bxc7 Bc3 32. Ra3 Re1+ 33.
Kf2 Rxh1 34. Rxc3 Rb1 35. Rc2 Rd1 36. Be5 Rf8 37. d4 Kh8 38. d6 Be6 39. Nf4 Bb3
40. d7 Bxc2 41. c7 Rd2+ 42. Ke3 Rd3+ 43. Nxd3 f4+ 44. Nxf4 Bf5 45. d8=Q Kg8 46.
Bd6 h5 47. Qxf8+ Kh7 48. Be5 Bc8 1-0

[Event "ICS Rated blitz match"]
[Site "164.58.253.13"]
[Date "1999.03.22"]
[Round "?"]
[White "Hossa"]
[Black "secone"]
[Result "1-0"]
[WhiteElo "2055"]
[BlackElo "1649"]
[PlyCount "109"]

1. e4 c6 2. Nc3 d5 3. exd5 cxd5 4. Nf3 Bg4 5. Be2 Nc6 6. O-O e6 7. d3 Bd6 8. h3
Bxf3 9. Bxf3 Nd4 10. Bg4 Qf6 11. Na4 Rc8 12. c3 Nc6 13. Qb3 b6 14. Be3 h5 15.
Be2 Qg6 16. d4 Nf6 17. Qb5 O-O 18. Bd3 a6 19. Qxa6 Ne4 20. Qxb6 f5 21. Bb5 Ne7
22. Nc5 Bxc5 23. dxc5 Rb8 24. Qa5 e5 25. f3 Ng3 26. Rfe1 f4 27. Bf2 Qc2 28.
Bxg3 fxg3 29. Re2 Qf5 30. Qc7 Rxb5 31. Qxe7 e4 32. fxe4 dxe4 33. b4 Kh7 34. a4
Rbb8 35. Qxe4 Kg6 36. Qxf5+ Rxf5 37. Rf1 Rbf8 38. Rxf5 Kxf5 39. b5 Rc8 40. c6
Kf6 41. a5 Kf7 42. a6 Rc7 43. Rd2 Ke7 44. c4 g6 45. c5 g5 46. Rd7+ Rxd7 47.
cxd7 g4 48. c6 gxh3 49. gxh3 h4 50. a7 Ke6 51. d8=Q Ke5 52. a8=Q Ke4 53. Qa4+
Kf5 54. Qg4+ Ke5 55. Qdd4# {secone checkmated} 1-0